Christian Aplolgetics. (Record no. 16584)

000 -LEADER
fixed length control field 00485nam a2200169 a 4500
001 - CONTROL NUMBER
control field :::00019631$&:&@@
003 - CONTROL NUMBER IDENTIFIER
control field OkBaRHE
005 - DATE AND TIME OF LATEST TRANSACTION
control field 20010927152728.0
008 - FIXED-LENGTH DATA ELEMENTS--GENERAL INFORMATION
fixed length control field s1969 j 000 0 eng u
040 ## - CATALOGING SOURCE
Transcribing agency
100 1# - MAIN ENTRY--PERSONAL NAME
Personal name Reid, J. K. S.
245 10 - TITLE STATEMENT
Title Christian Aplolgetics.
260 ## - PUBLICATION, DISTRIBUTION, ETC. (IMPRINT)
Place of publication, distribution, etc Grand Rapids, MI
Name of publisher, distributor, etc William B. Eerdmans
Date of publication, distribution, etc 1969
300 ## - PHYSICAL DESCRIPTION
Extent 224 p.
942 ## - ADDED ENTRY ELEMENTS (KOHA)
Source of classification or shelving scheme
Koha item type Books
Copies
Lost status Date acquired Date checked out Total Checkouts Price effective from Copy number Barcode Koha item type Shelving location Full call number Source of classification or shelving scheme Permanent Location Date last seen Withdrawn status Current Location Not for loan Damaged status
Long Overdue (Lost)2010-04-142013-09-2012010-04-14119631BooksGeneral StacksBT 1106 .R4 RHEMA Bible Training College2019-12-02 RHEMA Bible Training College